[Event "British Columbia-ch"]
[Site "Vancouver CAN"]
[Date "2012.10.07"]
[Round "5.1"]
[White "Wu, Howard"]
[Black "Kenney, Jason"]
[Result "1/2-1/2"]
[WhiteElo "2264"]
[BlackElo "2243"]
[PlyCount "112"]
[GameId "2160767909411960"]
[EventDate "2012.10.05"]
[EventType "tourn"]
[EventRounds "7"]
[EventCountry "CAN"]
[SourceTitle "EXT 2022"]
[Source "ChessBase"]
[SourceDate "2021.10.06"]
[SourceVersion "1"]
[SourceVersionDate "2021.10.06"]
[SourceQuality "1"]

1. e4 c5 2. Nf3 d6 3. d4 cxd4 4. Nxd4 Nf6 5. Nc3 a6 6. Bg5 Nbd7 7. Bc4 e6 8. Qd2 b5 9. Bb3 Bb7 10. Bxf6 Nxf6 11. O-O-O Be7 12. Qe2 O-O 13. e5 Ne8 14. f4 Qc7 15. Kb1 dxe5 16. fxe5 Qb6 17. Ne4 Bxe4 18. Qxe4 Nc7 19. Rhf1 Bc5 20. c3 a5 21. Rf3 Be7 22. Rh3 g6 23. Qf4 f5 24. exf6 Rxf6 25. Qh6 Rf7 26. Bc2 Bf8 27. Qh4 Be7 28. Qe4 a4 29. Nf3 a3 30. b3 Nd5 31. Ne5 Rf4 32. Nd7 Qc6 33. Qe5 Qxd7 34. Qxf4 Rc8 35. Qh6 Bf8 36. Qh4 Rxc3 37. Rhd3 Rxd3 38. Rxd3 Bg7 39. Kc1 Qc7 40. Kd2 Bf6 41. Qe4 Qb6 42. Bd1 Qf2+ 43. Be2 Bg5+ 44. Kc2 Nb4+ 45. Kb1 Nxd3 46. Qxe6+ Kg7 47. Qd7+ Kh6 48. Qh3+ Bh4 49. Qxd3 Qf6 50. Qe3+ g5 51. Qd2 Be1 52. Qc2 b4 53. Bd3 Bc3 54. Qe2 Be5 55. Qe4 Qe7 56. g4 Bf6 1/2-1/2

[Event "British Columbia-ch"]
[Site "Vancouver CAN"]
[Date "2012.10.07"]
[Round "5.2"]
[White "Yoos, John"]
[Black "Davies, Lucas"]
[Result "0-1"]
[WhiteElo "2393"]
[BlackElo "2242"]
[PlyCount "54"]
[GameId "2160767909411961"]
[EventDate "2012.10.05"]
[EventType "tourn"]
[EventRounds "7"]
[EventCountry "CAN"]
[SourceTitle "EXT 2022"]
[Source "ChessBase"]
[SourceDate "2021.10.06"]
[SourceVersion "1"]
[SourceVersionDate "2021.10.06"]
[SourceQuality "1"]

1. e4 c6 2. d4 d5 3. e5 Bf5 4. Nc3 Qb6 5. Nf3 e6 6. Be2 Nd7 7. O-O Ne7 8. Na4 Qc7 9. b3 h6 10. Ba3 Ng6 11. Bxf8 Kxf8 12. Qd2 Ne7 13. Rac1 g5 14. Ne1 f6 15. g4 Bg6 16. f4 Kg7 17. Nd3 fxe5 18. Nac5 Nxc5 19. Nxc5 Bf7 20. fxe5 Ng6 21. Rf6 Rae8 22. Rcf1 Rhf8 23. Bd3 Nh4 24. Qb4 b6 25. Nxe6+ Rxe6 26. Rxe6 c5 27. dxc5 bxc5 0-1

[Event "British Columbia-ch"]
[Site "Vancouver CAN"]
[Date "2012.10.07"]
[Round "5.3"]
[White "Awatramani, Janak"]
[Black "Pechisker, Alfred"]
[Result "1/2-1/2"]
[WhiteElo "2241"]
[BlackElo "2243"]
[PlyCount "38"]
[GameId "2160767909411962"]
[EventDate "2012.10.05"]
[EventType "tourn"]
[EventRounds "7"]
[EventCountry "CAN"]
[SourceTitle "EXT 2022"]
[Source "ChessBase"]
[SourceDate "2021.10.06"]
[SourceVersion "1"]
[SourceVersionDate "2021.10.06"]
[SourceQuality "1"]

1. g3 d5 2. d3 Nf6 3. Bg2 e5 4. Nc3 c6 5. e4 dxe4 6. dxe4 Qxd1+ 7. Nxd1 Nbd7 8. Ne2 b6 9. Bd2 Ba6 10. Ne3 O-O-O 11. Nc3 Nc5 12. f3 g6 13. Bf1 Bxf1 14. Rxf1 Bh6 15. Nc4 Bxd2+ 16. Nxd2 Rhe8 17. O-O-O b5 18. Nb3 Nxb3+ 19. axb3 Rxd1+ 1/2-1/2

[Event "British Columbia-ch"]
[Site "Vancouver CAN"]
[Date "2012.10.07"]
[Round "5.4"]
[White "Villavieja, Butch"]
[Black "Doknjas, John"]
[Result "1-0"]
[WhiteElo "2289"]
[BlackElo "1933"]
[PlyCount "81"]
[GameId "2160767909411963"]
[EventDate "2012.10.05"]
[EventType "tourn"]
[EventRounds "7"]
[EventCountry "CAN"]
[SourceTitle "EXT 2022"]
[Source "ChessBase"]
[SourceDate "2021.10.06"]
[SourceVersion "1"]
[SourceVersionDate "2021.10.06"]
[SourceQuality "1"]

1. e4 c5 2. Nf3 d6 3. d4 cxd4 4. Nxd4 Nf6 5. Nc3 a6 6. Bg5 e6 7. f4 Qb6 8. Nb3 Nc6 9. Qf3 Be7 10. O-O-O Qc7 11. Kb1 Bd7 12. Qg3 O-O-O 13. Be2 Rhg8 14. Qf2 h6 15. Bh4 g5 16. fxg5 hxg5 17. Bg3 Ne5 18. Rhf1 Bc6 19. Qd4 Nfd7 20. a4 Rgf8 21. a5 f6 22. Bc4 Nc5 23. Nxc5 dxc5 24. Bxe6+ Kb8 25. Qe3 Qxa5 26. Rxd8+ Qxd8 27. Bd5 Bd6 28. Rd1 Qc7 29. Qd2 Nf7 30. Bxd6 Qxd6 31. Qf2 Ne5 32. h3 Qe7 33. Rf1 b6 34. Bxc6 Nxc6 35. Nd5 Qxe4 36. Nxf6 Rxf6 37. Qxf6 Qe8 38. Qg7 Nd8 39. Qxg5 Ne6 40. Qe5+ Kb7 41. Re1 1-0

[Event "British Columbia-ch"]
[Site "Vancouver CAN"]
[Date "2012.10.08"]
[Round "6.1"]
[White "Kenney, Jason"]
[Black "Doknjas, John"]
[Result "1-0"]
[WhiteElo "2243"]
[BlackElo "1933"]
[PlyCount "57"]
[GameId "2160767909411964"]
[EventDate "2012.10.05"]
[EventType "tourn"]
[EventRounds "7"]
[EventCountry "CAN"]
[SourceTitle "EXT 2022"]
[Source "ChessBase"]
[SourceDate "2021.10.06"]
[SourceVersion "1"]
[SourceVersionDate "2021.10.06"]
[SourceQuality "1"]

1. d4 Nf6 2. c4 c5 3. d5 e6 4. Nc3 exd5 5. cxd5 d6 6. Nf3 g6 7. h3 Bg7 8. Bf4 O-O 9. e3 Nh5 10. Bh2 f5 11. Be2 f4 12. e4 Re8 13. Nd2 Bxc3 14. bxc3 Nf6 15. Bxf4 Nxe4 16. Nxe4 Rxe4 17. Be3 Qh4 18. Qd2 Qf6 19. O-O b6 20. Bd3 Re8 21. Rae1 Bf5 22. Bg5 Qf7 23. Rxe8+ Qxe8 24. Re1 Qf7 25. Re7 Qxd5 26. Re8+ Kg7 27. Qe3 Nc6 28. Bh6+ Kf7 29. Rxa8 1-0

[Event "British Columbia-ch"]
[Site "Vancouver CAN"]
[Date "2012.10.08"]
[Round "6.2"]
[White "Pechisker, Alfred"]
[Black "Villavieja, Butch"]
[Result "1/2-1/2"]
[WhiteElo "2243"]
[BlackElo "2289"]
[PlyCount "225"]
[GameId "2160767909411965"]
[EventDate "2012.10.05"]
[EventType "tourn"]
[EventRounds "7"]
[EventCountry "CAN"]
[SourceTitle "EXT 2022"]
[Source "ChessBase"]
[SourceDate "2021.10.06"]
[SourceVersion "1"]
[SourceVersionDate "2021.10.06"]
[SourceQuality "1"]

1. d4 Nf6 2. c4 g6 3. Nc3 Bg7 4. e4 d6 5. f3 O-O 6. Bg5 h6 7. Be3 e5 8. Nge2 Nc6 9. d5 Ne7 10. Qd2 Kh7 11. g4 Ne8 12. h4 c6 13. h5 g5 14. Nc1 f6 15. Be2 a6 16. Nd3 Bd7 17. O-O b5 18. dxc6 Bxc6 19. cxb5 Bxb5 20. Nxb5 axb5 21. Nb4 Qa5 22. a3 Rd8 23. Rfd1 Nc7 24. Qd3 Kh8 25. Rac1 Rfe8 26. Nd5 Ncxd5 27. exd5 Rb8 28. b4 Qd8 29. Rc2 Rf8 30. Rdc1 Rb7 31. a4 bxa4 32. b5 Qa5 33. Ra2 f5 34. Bf2 Qb4 35. b6 Qf4 36. Qd1 Nxd5 37. Rxa4 e4 38. Qxd5 Qxc1+ 39. Kg2 exf3+ 40. Bxf3 fxg4 41. Be2 Rbf7 42. Bd4 Qc2 43. Ra2 Qc8 44. Ra7 Qe8 45. Bb5 Bxd4 46. Bxe8 Rf2+ 47. Kg3 Be5+ 48. Qxe5+ dxe5 49. Bc6 R2f6 50. Rc7 R6f7 51. Bd7 Rf3+ 52. Kg2 Rf2+ 53. Kg1 e4 54. Bxg4 e3 55. Re7 R2f4 56. Be2 R4f6 57. b7 Rb6 58. Bd3 Rb3 59. Rh7+ Kg8 60. Rd7 Rb4 61. Kg2 Rf2+ 62. Kg3 Rfb2 63. Ba6 e2 64. Bxe2 Rxe2 65. Rd8+ Kf7 66. b8=Q Re3+ 67. Kg2 Rxb8 68. Rxb8 Re6 69. Kf3 Ra6 70. Rb7+ Kf6 71. Rb3 Rc6 72. Ra3 Rd6 73. Rb3 Re6 74. Rb8 Kf5 75. Rf8+ Rf6 76. Rg8 Ke5+ 77. Kg3 Ra6 78. Re8+ Kf6 79. Rf8+ Kg7 80. Rb8 Ra3+ 81. Kg2 Ra6 82. Kg3 Kf6 83. Rf8+ Ke5 84. Re8+ Kf5 85. Rf8+ Rf6 86. Rg8 Ke6 87. Ra8 Kd5 88. Rd8+ Ke5 89. Re8+ Re6 90. Rg8 Ra6 91. Re8+ Kf6 92. Rg8 Ra3+ 93. Kg2 Kf5 94. Rg6 Kg4 95. Rxh6 Ra2+ 96. Kf1 Kg3 97. Rb6 g4 98. h6 Ra1+ 99. Ke2 Rh1 100. Rg6 Rh5 101. Kf1 Kh3 102. Kf2 Rh4 103. Rf6 g3+ 104. Kf3 Kh2 105. Rg6 Rh3 106. Ke2 Kg2 107. Ke1 Rh2 108. Rf6 Rh5 109. Rg6 Kh2 110. Kf1 Rf5+ 111. Ke2 g2 112. h7 Rh5 113. Kf2 1/2-1/2

[Event "British Columbia-ch"]
[Site "Vancouver CAN"]
[Date "2012.10.08"]
[Round "6.3"]
[White "Davies, Lucas"]
[Black "Awatramani, Janak"]
[Result "1/2-1/2"]
[WhiteElo "2242"]
[BlackElo "2241"]
[PlyCount "33"]
[GameId "2160767909444734"]
[EventDate "2012.10.05"]
[EventType "tourn"]
[EventRounds "7"]
[EventCountry "CAN"]
[SourceTitle "EXT 2022"]
[Source "ChessBase"]
[SourceDate "2021.10.06"]
[SourceVersion "1"]
[SourceVersionDate "2021.10.06"]
[SourceQuality "1"]

1. e4 b6 2. d4 Bb7 3. Bd3 Nf6 4. Qe2 e6 5. Nf3 d5 6. e5 Nfd7 7. Bg5 Be7 8. Bxe7 Qxe7 9. O-O c5 10. c3 Nc6 11. a3 g5 12. Qe3 g4 13. Ne1 f6 14. f4 f5 15. b4 c4 16. Bc2 a6 17. a4 1/2-1/2

[Event "British Columbia-ch"]
[Site "Vancouver CAN"]
[Date "2012.10.08"]
[Round "6.4"]
[White "Wu, Howard"]
[Black "Yoos, John"]
[Result "0-1"]
[WhiteElo "2264"]
[BlackElo "2393"]
[PlyCount "90"]
[GameId "2160767909444735"]
[EventDate "2012.10.05"]
[EventType "tourn"]
[EventRounds "7"]
[EventCountry "CAN"]
[SourceTitle "EXT 2022"]
[Source "ChessBase"]
[SourceDate "2021.10.06"]
[SourceVersion "1"]
[SourceVersionDate "2021.10.06"]
[SourceQuality "1"]

1. e4 c5 2. Nf3 d6 3. d4 Nf6 4. Nc3 cxd4 5. Nxd4 Nc6 6. Bc4 Bd7 7. O-O e6 8. Bb3 Be7 9. Be3 O-O 10. f4 Nxd4 11. Bxd4 Bc6 12. Qd3 b5 13. Rad1 Qb8 14. Rfe1 Qb7 15. Qe3 a5 16. a4 b4 17. Nd5 exd5 18. exd5 Nxd5 19. Bxd5 Bxd5 20. Qxe7 Qxe7 21. Rxe7 Be6 22. Bb6 Rfc8 23. Rd2 h5 24. Bd4 Kf8 25. Rb7 Bf5 26. c3 Be4 27. Rb5 Bc6 28. Rxh5 Bxa4 29. Rh8+ Ke7 30. Re2+ Kd7 31. Rh7 Bb5 32. Rd2 b3 33. Rxg7 Bc4 34. Rg5 a4 35. Bc5 Rc6 36. Ba3 Re8 37. Kf2 Re4 38. g3 d5 39. Rg7 Ke6 40. h4 Rc8 41. Rh7 Re8 42. Rh6+ Kf5 43. Bc5 Kg4 44. Ba3 Re2+ 45. Rxe2 Rxe2+ 0-1

[Event "British Columbia-ch"]
[Site "Vancouver CAN"]
[Date "2012.10.08"]
[Round "7.1"]
[White "Yoos, John"]
[Black "Kenney, Jason"]
[Result "1-0"]
[WhiteElo "2393"]
[BlackElo "2243"]
[PlyCount "41"]
[GameId "2160767909444736"]
[EventDate "2012.10.05"]
[EventType "tourn"]
[EventRounds "7"]
[EventCountry "CAN"]
[SourceTitle "EXT 2022"]
[Source "ChessBase"]
[SourceDate "2021.10.06"]
[SourceVersion "1"]
[SourceVersionDate "2021.10.06"]
[SourceQuality "1"]

1. e4 c5 2. Nf3 d6 3. d4 cxd4 4. Nxd4 Nf6 5. Nc3 a6 6. Bg5 Nbd7 7. Bc4 Qa5 8. Qd2 e6 9. O-O-O b5 10. Bb3 Bb7 11. Rhe1 Be7 12. f4 b4 13. Nd5 Nxe4 14. Nxe6 fxe6 15. Rxe4 Nc5 16. Rxe6 Nxe6 17. Qe3 Bxd5 18. Rxd5 Qc7 19. Qxe6 Ra7 20. Ba4+ Kf8 21. Rf5+ 1-0

[Event "British Columbia-ch"]
[Site "Vancouver CAN"]
[Date "2012.10.08"]
[Round "7.2"]
[White "Awatramani, Janak"]
[Black "Wu, Howard"]
[Result "1-0"]
[WhiteElo "2241"]
[BlackElo "2264"]
[PlyCount "103"]
[GameId "2160767909444737"]
[EventDate "2012.10.05"]
[EventType "tourn"]
[EventRounds "7"]
[EventCountry "CAN"]
[SourceTitle "EXT 2022"]
[Source "ChessBase"]
[SourceDate "2021.10.06"]
[SourceVersion "1"]
[SourceVersionDate "2021.10.06"]
[SourceQuality "1"]

1. g3 c5 2. Bg2 Nc6 3. d3 g6 4. Nc3 Bg7 5. e4 d6 6. f4 e5 7. Nf3 Nge7 8. fxe5 dxe5 9. Be3 Nd4 10. Qd2 Bg4 11. Rf1 h6 12. Na4 Rc8 13. c3 b5 14. Nxc5 Rxc5 15. cxd4 exd4 16. Bf4 g5 17. Qb4 Qb6 18. Rc1 Rxc1+ 19. Bxc1 a5 20. Qd2 Be6 21. b4 a4 22. a3 O-O 23. Bb2 Ng6 24. Kf2 g4 25. Ne1 Rc8 26. Nc2 Bb3 27. Rc1 Ne5 28. Ne1 Rd8 29. Rc5 Nd7 30. Rc1 Qg6 31. Qf4 Ne5 32. Rc5 Qe6 33. Rxb5 Ba2 34. Bf1 Qb3 35. Bc1 Qb1 36. Rc5 Be6 37. Qd2 Nd7 38. Qc2 Qa1 39. Rc8 Rxc8 40. Qxc8+ Kh7 41. Qc2 Bb3 42. Qb2 Qxb2+ 43. Bxb2 Be5 44. Ng2 Bc2 45. Be2 h5 46. Ke1 Nb6 47. Kd2 Bb3 48. Nf4 Kh6 49. Bd1 Be6 50. Ne2 h4 51. Bxd4 Bc7 52. Be3+ 1-0

[Event "British Columbia-ch"]
[Site "Vancouver CAN"]
[Date "2012.10.08"]
[Round "7.3"]
[White "Villavieja, Butch"]
[Black "Davies, Lucas"]
[Result "1-0"]
[WhiteElo "2289"]
[BlackElo "2242"]
[PlyCount "95"]
[GameId "2160767909444738"]
[EventDate "2012.10.05"]
[EventType "tourn"]
[EventRounds "7"]
[EventCountry "CAN"]
[SourceTitle "EXT 2022"]
[Source "ChessBase"]
[SourceDate "2021.10.06"]
[SourceVersion "1"]
[SourceVersionDate "2021.10.06"]
[SourceQuality "1"]

1. e4 c6 2. d4 d5 3. exd5 cxd5 4. c4 Nf6 5. Nc3 e6 6. Bf4 Bb4 7. Qb3 Nc6 8. Nf3 O-O 9. c5 Ne4 10. Bd3 b6 11. cxb6 Qxb6 12. O-O Bxc3 13. bxc3 Ba6 14. Qc2 Bxd3 15. Qxd3 Rfc8 16. Rab1 Qa5 17. Rbc1 Qa3 18. Ng5 Nxg5 19. Bxg5 Rab8 20. Qg3 Kh8 21. Rc2 Na5 22. Bf4 Rb6 23. h4 Nc4 24. h5 Qe7 25. h6 f6 26. hxg7+ Qxg7 27. Qh3 Rg8 28. Re1 Qg4 29. Qh2 Na3 30. Rcc1 Rg7 31. Bg3 Rb2 32. Re3 Rxa2 33. Qh6 Qg6 34. Qxg6 Rxg6 35. Rxe6 Nb5 36. Rc6 a6 37. Re1 Ra3 38. Re8+ Rg8 39. Re3 Rf8 40. Bf4 Kg7 41. Rg3+ Kf7 42. Bh6 Rb8 43. Rg7+ Ke8 44. Re6+ Kd8 45. Rxf6 Ra1+ 46. Kh2 Nc7 47. Rf8+ Ne8 48. Bg5+ 1-0

[Event "British Columbia-ch"]
[Site "Vancouver CAN"]
[Date "2012.10.08"]
[Round "7.4"]
[White "Doknjas, John"]
[Black "Pechisker, Alfred"]
[Result "1/2-1/2"]
[WhiteElo "1933"]
[BlackElo "2243"]
[PlyCount "73"]
[GameId "2160767909444739"]
[EventDate "2012.10.05"]
[EventType "tourn"]
[EventRounds "7"]
[EventCountry "CAN"]
[SourceTitle "EXT 2022"]
[Source "ChessBase"]
[SourceDate "2021.10.06"]
[SourceVersion "1"]
[SourceVersionDate "2021.10.06"]
[SourceQuality "1"]

1. d4 Nf6 2. c4 c5 3. d5 b5 4. cxb5 a6 5. bxa6 g6 6. Nc3 Bxa6 7. f4 d6 8. e4 Bxf1 9. Kxf1 Bg7 10. g3 O-O 11. Kg2 Nbd7 12. Nf3 Qa5 13. Re1 Rfb8 14. e5 Ne8 15. Qe2 Nb6 16. f5 Qa6 17. fxg6 Qxe2+ 18. Rxe2 hxg6 19. Bf4 Nc4 20. b3 Nxe5 21. Nxe5 dxe5 22. Bxe5 Bxe5 23. Rxe5 Rxb3 24. axb3 Rxa1 25. Rxe7 Kf8 26. Rb7 Nd6 27. Rc7 Ra3 28. Rxc5 Rxb3 29. Kf3 Ke7 30. Ke3 Rb2 31. h4 Kd7 32. Ne4 Rb4 33. Nxd6 Kxd6 34. Ra5 Ke5 35. Ra7 f5 36. Ra6 Rg4 37. Kf3 1/2-1/2

[Event "Britsh Columbia-ch U20"]
[Site "Vancouver CAN"]
[Date "2012.12.01"]
[Round "1.1"]
[White "Gedajlovic, Max"]
[Black "Lo, Ryan"]
[Result "0-1"]
[WhiteElo "1782"]
[BlackElo "2217"]
[PlyCount "65"]
[GameId "2160767909411205"]
[EventDate "2012.12.01"]
[EventType "swiss"]
[EventRounds "5"]
[EventCountry "CAN"]
[SourceTitle "EXT 2022"]
[Source "ChessBase"]
[SourceDate "2021.10.06"]
[SourceVersion "1"]
[SourceVersionDate "2021.10.06"]
[SourceQuality "1"]

1. d4 Nf6 2. c4 g6 3. Nc3 d5 4. Qb3 dxc4 5. Qxc4 Bg7 6. e4 O-O 7. Nf3 Nc6 8. Be2 Nd7 9. Be3 Nb6 10. Qd3 Bg4 11. O-O-O Qd7 12. d5 Bxf3 13. gxf3 Ne5 14. Qc2 c6 15. f4 Nec4 16. Bd4 Qc7 17. Bxg7 Kxg7 18. dxc6 bxc6 19. Bxc4 Nxc4 20. Ne2 Nb6 21. h4 h5 22. f5 Kh7 23. Rdg1 Rg8 24. Qb3 Rg7 25. Qf3 Nc4 26. Qc3 Ne5 27. Ng3 Rag8 28. f4 Ng4 29. Qf3 Nh6 30. e5 gxf5 31. Ne2 Rxg1+ 32. Nxg1 Qa5 33. Nh3 0-1

[Event "Britsh Columbia-ch U20"]
[Site "Vancouver CAN"]
[Date "2012.12.01"]
[Round "1.2"]
[White "Cao, Jason"]
[Black "Foote, Joanne"]
[Result "1-0"]
[WhiteElo "2212"]
[BlackElo "1725"]
[PlyCount "59"]
[GameId "2160767909411206"]
[EventDate "2012.12.01"]
[EventType "swiss"]
[EventRounds "5"]
[EventCountry "CAN"]
[SourceTitle "EXT 2022"]
[Source "ChessBase"]
[SourceDate "2021.10.06"]
[SourceVersion "1"]
[SourceVersionDate "2021.10.06"]
[SourceQuality "1"]

1. e4 c5 2. Nf3 d6 3. d4 cxd4 4. Nxd4 Nf6 5. Nc3 a6 6. Be3 e5 7. Nb3 Be6 8. f3 Be7 9. Qd2 Nbd7 10. g4 O-O 11. g5 Ne8 12. O-O-O b5 13. Nd5 Nc5 14. Nxc5 dxc5 15. Nxe7+ Qxe7 16. Qc3 c4 17. Qxe5 Rc8 18. Kb1 c3 19. b3 Qa3 20. Bc1 Qa5 21. f4 Qb6 22. f5 Rc5 23. Qd4 Bxb3 24. axb3 Qc7 25. Ba3 Rc6 26. Bxf8 Kxf8 27. Qb4+ Kg8 28. Bg2 Rb6 29. Rd3 Rc6 30. Rhd1 1-0

[Event "Britsh Columbia-ch U20"]
[Site "Vancouver CAN"]
[Date "2012.12.01"]
[Round "1.3"]
[White "Su, Michael"]
[Black "Cheng, Jack"]
[Result "0-1"]
[WhiteElo "1682"]
[BlackElo "2206"]
[PlyCount "70"]
[GameId "2160767909411207"]
[EventDate "2012.12.01"]
[EventType "swiss"]
[EventRounds "5"]
[EventCountry "CAN"]
[SourceTitle "EXT 2022"]
[Source "ChessBase"]
[SourceDate "2021.10.06"]
[SourceVersion "1"]
[SourceVersionDate "2021.10.06"]
[SourceQuality "1"]

1. d4 Nf6 2. Nf3 g6 3. Nc3 d5 4. Bf4 c6 5. e3 Bg7 6. Be2 Bf5 7. Ne5 Nbd7 8. Qd2 Ne4 9. Nxe4 Bxe4 10. Nxd7 Qxd7 11. f3 Bf5 12. O-O O-O 13. c4 dxc4 14. Bxc4 e5 15. Bg3 exd4 16. Rad1 b5 17. Bb3 c5 18. exd4 Qxd4+ 19. Bf2 Qxd2 20. Rxd2 c4 21. Bc2 Bxc2 22. Rxc2 a5 23. Rd1 Rfd8 24. Rcd2 Rxd2 25. Rxd2 b4 26. Kf1 a4 27. Ke2 b3 28. axb3 axb3 29. Bd4 Ra2 30. Bxg7 Kxg7 31. Kd1 c3 32. bxc3 b2 33. Kc2 b1=Q+ 34. Kxb1 Rxd2 35. Kc1 Rxg2 0-1

[Event "Britsh Columbia-ch U20"]
[Site "Vancouver CAN"]
[Date "2012.12.01"]
[Round "1.4"]
[White "Sohal, Tanraj"]
[Black "Rathburn, Hector"]
[Result "1-0"]
[WhiteElo "2192"]
[BlackElo "1650"]
[PlyCount "77"]
[GameId "2160767909411208"]
[EventDate "2012.12.01"]
[EventType "swiss"]
[EventRounds "5"]
[EventCountry "CAN"]
[SourceTitle "EXT 2022"]
[Source "ChessBase"]
[SourceDate "2021.10.06"]
[SourceVersion "1"]
[SourceVersionDate "2021.10.06"]
[SourceQuality "1"]

1. d4 Nf6 2. c4 e6 3. Nf3 b6 4. g3 Ba6 5. Qc2 c5 6. Bg2 Nc6 7. dxc5 Bxc5 8. a3 Rc8 9. O-O Nd4 10. Nxd4 Bxd4 11. Nd2 O-O 12. Qa4 Ng4 13. Qxa6 Nxf2 14. Rxf2 Qf6 15. Nf3 Bxf2+ 16. Kxf2 e5 17. e4 Qc6 18. Qb5 Qxe4 19. Qxe5 Qxc4 20. Be3 Qc2+ 21. Nd2 Rfe8 22. Qd4 d5 23. Re1 Qf5+ 24. Qf4 Qd3 25. Bf1 Qc2 26. Qd4 Qf5+ 27. Kg2 Re5 28. Bd3 Qe6 29. Nf3 f6 30. Nxe5 fxe5 31. Qh4 e4 32. Be2 Qe5 33. Rd1 Rc2 34. Rd2 Rxd2 35. Qd8+ Kf7 36. Bxd2 d4 37. Qd7+ Kg6 38. Qc6+ Kf5 39. g4# 1-0

[Event "Britsh Columbia-ch U20"]
[Site "Vancouver CAN"]
[Date "2012.12.01"]
[Round "1.5"]
[White "Pulfer, Luke"]
[Black "Doknjas, John"]
[Result "0-1"]
[WhiteElo "1591"]
[BlackElo "2070"]
[PlyCount "82"]
[GameId "2160767909411209"]
[EventDate "2012.12.01"]
[EventType "swiss"]
[EventRounds "5"]
[EventCountry "CAN"]
[SourceTitle "EXT 2022"]
[Source "ChessBase"]
[SourceDate "2021.10.06"]
[SourceVersion "1"]
[SourceVersionDate "2021.10.06"]
[SourceQuality "1"]

1. d4 Nf6 2. c4 c5 3. e3 e6 4. Nc3 d5 5. Nf3 Nc6 6. Bd3 Be7 7. O-O O-O 8. b3 b6 9. Bb2 dxc4 10. bxc4 Ba6 11. Ne4 Rc8 12. Rc1 Nxe4 13. Bxe4 cxd4 14. Bxc6 Rxc6 15. Qa4 Qc8 16. Ne5 Rc7 17. Bxd4 f6 18. Nf3 Rxc4 19. Rxc4 Qxc4 20. Qxc4 Bxc4 21. Ra1 e5 22. Bb2 Rd8 23. h3 Be2 24. Bc3 Kf7 25. Re1 Rd1 26. Rxd1 Bxd1 27. Nd2 Ke6 28. e4 Be2 29. g3 a5 30. Bb2 b5 31. Kg2 a4 32. f4 Bc5 33. Nf3 Bxf3+ 34. Kxf3 Bd4 35. Ba3 Bc3 36. fxe5 Kxe5 37. Ke3 b4 38. Kd3 bxa3 39. Kxc3 Kxe4 40. Kb4 f5 41. Kxa3 g5 0-1

[Event "Britsh Columbia-ch U20"]
[Site "Vancouver CAN"]
[Date "2012.12.01"]
[Round "1.6"]
[White "Herdin, Matthew"]
[Black "Cui, Karl"]
[Result "1-0"]
[WhiteElo "1972"]
[BlackElo "1568"]
[PlyCount "49"]
[GameId "2160767909411210"]
[EventDate "2012.12.01"]
[EventType "swiss"]
[EventRounds "5"]
[EventCountry "CAN"]
[SourceTitle "EXT 2022"]
[Source "ChessBase"]
[SourceDate "2021.10.06"]
[SourceVersion "1"]
[SourceVersionDate "2021.10.06"]
[SourceQuality "1"]

1. e4 c6 2. Nc3 d5 3. Nf3 Bg4 4. exd5 cxd5 5. h3 Bh5 6. d4 e6 7. Bf4 Nc6 8. g4 Bg6 9. a3 Nf6 10. Bg2 a6 11. O-O b5 12. Ne5 Nxe5 13. dxe5 Nd7 14. Nxd5 exd5 15. Qxd5 Ra7 16. e6 fxe6 17. Qxe6+ Be7 18. Rad1 Qb6 19. Bc6 Qd8 20. Rfe1 Rf8 21. Bg5 Rf7 22. Bxe7 Qxe7 23. Rxd7 Qxe6 24. Rxe6+ Kf8 25. Rd8# 1-0

[Event "Britsh Columbia-ch U20"]
[Site "Vancouver CAN"]
[Date "2012.12.01"]
[Round "1.7"]
[White "Toi, Andrew"]
[Black "Xiao, Alice"]
[Result "0-1"]
[WhiteElo "1544"]
[BlackElo "1890"]
[PlyCount "72"]
[GameId "2160767909411211"]
[EventDate "2012.12.01"]
[EventType "swiss"]
[EventRounds "5"]
[EventCountry "CAN"]
[SourceTitle "EXT 2022"]
[Source "ChessBase"]
[SourceDate "2021.10.06"]
[SourceVersion "1"]
[SourceVersionDate "2021.10.06"]
[SourceQuality "1"]

1. e4 c5 2. Nf3 Nc6 3. d4 cxd4 4. Nxd4 Nf6 5. Nc3 e5 6. Nb3 Bb4 7. f3 d5 8. exd5 Nxd5 9. Bd2 Nxc3 10. Bxc3 Bxc3+ 11. bxc3 Qh4+ 12. g3 Qg5 13. Qe2 O-O 14. Bg2 f5 15. O-O f4 16. g4 h5 17. h3 Be6 18. Nc5 Bd5 19. c4 Nd4 20. Qd3 Bf7 21. c3 Ne6 22. Nxb7 Qe7 23. Rab1 Rab8 24. Qd5 Ng5 25. Qb5 Rfc8 26. c5 Bd5 27. Rfd1 Rxb7 28. Qd3 Qxc5+ 29. Kh1 Rxb1 30. Rxb1 hxg4 31. hxg4 Qc6 32. Rf1 Bc4 33. Qf5 Bxf1 34. Qxg5 Bxg2+ 35. Kxg2 Qxc3 36. Qe7 Qc7 0-1

[Event "Britsh Columbia-ch U20"]
[Site "Vancouver CAN"]
[Date "2012.12.01"]
[Round "1.8"]
[White "Doknjas, Joshua"]
[Black "Zhang, Yutong"]
[Result "1-0"]
[WhiteElo "1859"]
[BlackElo "1536"]
[PlyCount "49"]
[GameId "2160767909411212"]
[EventDate "2012.12.01"]
[EventType "swiss"]
[EventRounds "5"]
[EventCountry "CAN"]
[SourceTitle "EXT 2022"]
[Source "ChessBase"]
[SourceDate "2021.10.06"]
[SourceVersion "1"]
[SourceVersionDate "2021.10.06"]
[SourceQuality "1"]

1. e4 e5 2. Nf3 Nc6 3. d4 exd4 4. Nxd4 Nf6 5. Nxc6 bxc6 6. e5 Qe7 7. Qe2 Nd5 8. c4 Ba6 9. b3 Qh4 10. a3 Rb8 11. g3 Qd4 12. Bb2 Qb6 13. Nd2 Bc5 14. Ne4 Qa5+ 15. Qd2 Qxd2+ 16. Kxd2 Be7 17. cxd5 Bxf1 18. Rhxf1 cxd5 19. Nc3 Rxb3 20. Kc2 Rb7 21. Nxd5 Bc5 22. Bc3 d6 23. exd6 cxd6 24. Bxg7 Rg8 25. Rae1+ 1-0

[Event "Britsh Columbia-ch U20"]
[Site "Vancouver CAN"]
[Date "2012.12.01"]
[Round "2.1"]
[White "Lo, Ryan"]
[Black "Herdin, Matthew"]
[Result "1-0"]
[WhiteElo "2217"]
[BlackElo "1972"]
[PlyCount "99"]
[GameId "2160767909411213"]
[EventDate "2012.12.01"]
[EventType "swiss"]
[EventRounds "5"]
[EventCountry "CAN"]
[SourceTitle "EXT 2022"]
[Source "ChessBase"]
[SourceDate "2021.10.06"]
[SourceVersion "1"]
[SourceVersionDate "2021.10.06"]
[SourceQuality "1"]

1. d4 Nf6 2. c4 g6 3. Nc3 Bg7 4. e4 d6 5. f3 O-O 6. Be3 Nc6 7. Qd2 e5 8. Nge2 a6 9. d5 Na5 10. Nc1 b6 11. b4 Nb7 12. Nb3 a5 13. a3 Nh5 14. Rc1 f5 15. Rc2 axb4 16. axb4 Bd7 17. exf5 Bxf5 18. Bd3 Ra3 19. Nc1 Bxd3 20. Qxd3 b5 21. Qd2 bxc4 22. Ne4 Nf4 23. Bxf4 Rxf4 24. Rxc4 Bh6 25. Qc2 Ra1 26. O-O Rf7 27. Nd3 Be3+ 28. Ndf2 Rxf1+ 29. Kxf1 h5 30. Qa4 Qe7 31. h3 Kg7 32. Qc2 Nd8 33. Ke2 Bb6 34. g3 Rf8 35. h4 Nf7 36. Nh3 Ra8 37. Neg5 Nd8 38. g4 hxg4 39. Rxg4 Qf6 40. h5 Ra3 41. Qxg6+ Qxg6 42. hxg6 Bd4 43. Ne6+ Nxe6 44. dxe6 Ra8 45. f4 exf4 46. Nxf4 Be5 47. Nh5+ Kh6 48. g7 Rg8 49. e7 Kh7 50. Kd3 1-0